[Event "Samara Region-ch"]
[Site "Samara"]
[Date "2013.12.21"]
[Round "6"]
[White "Sorochan, Dmitry Vladimirovic"]
[Black "Kniazev, Alexander V"]
[Result "0-1"]
[WhiteElo "2034"]
[BlackElo "2253"]
[PlyCount "170"]
[EventDate "2013.12.16"]
[EventType "tourn"]
[EventRounds "9"]
[EventCountry "RUS"]
[EventCategory "1"]
[SourceTitle "CBM 158 Extra"]
[Source "ChessBase"]
[SourceDate "2014.02.28"]
[SourceVersion "1"]
[SourceVersionDate "2014.02.28"]
[SourceQuality "1"]

1. d4 Nf6 2. Bg5 Ne4 3. h4 d5 4. Nd2 Nd6 5. e3 h6 6. Bf4 e6 7. Ngf3 Nd7 8. Bd3 c5 9. c3 Be7 10. Qe2 Qb6 11. b3 Qa5 12. Rc1 Nf6 13. dxc5 Qxc5 14. Be5 Bd7 15. b4 Qb6 16. Bd4 Qc7 17. 0-0 b5 18. Ne5 0-0 19. Qf3 Rac8 20. Kh1 Bc6 21. Ng4 Nde8 22. Be5 Qb7 23. Nxh6+ gxh6 24. Qf4 Kg7 25. g4 Rh8 26. g5 hxg5 27. Rg1 Kf8 28. Rxg5 Nh5 29. Qg4 Nef6 30. Rxh5 Rxh5 31. Bxf6 Bxf6 32. Qxh5 d4+ 33. e4 dxc3 34. Qc5+ Ke8 35. Nf3 Qb6 36. Qh5 Qxf2 37. Rf1 Qxf1+ 38. Bxf1 Bxe4 39. Bxb5+ Ke7 40. Ba4 Bd5 41. Kg1 c2 42. Bxc2 Rxc2 43. Ne5 Rg2+ 44. Kf1 Rg7 45. a4 Be4 46. b5 Rh7 47. Qe2 Rxh4 48. Nc6+ Kf8 49. Qf2 Kg7 50. Qg3+ Kh7 51. a5 Rh1+ 52. Ke2 Bh4 53. Qf4 Bg6 54. b6 axb6 55. axb6 Re1+ 56. Kd2 Re4 57. Qh2 Rc4 58. Qh1 Kg7 59. Ne5 Bg5+ 60. Ke2 Re4+ 61. Kf2 Rxe5 62. Qa1 Bf6 63. Qa7 Rf5+ 64. Kg2 Rb5 65. Kf3 Rb3+ 66. Ke2 Bd4 67. Qa4 Rb2+ 68. Kf3 e5 69. Kg4 Rxb6 70. Qd7 Re6 71. Kg5 Be3+ 72. Kg4 Bh6 73. Qd5 e4 74. Qd4+ Kh7 75. Qf2 e3 76. Qe2 Rd6 77. Qe1 Rd2 78. Kf3 Bh5+ 79. Kg3 e2 80. Qh1 Rd3+ 81. Kh4 Re3 82. Qe1 Bg6 83. Kg4 Re4+ 84. Kg3 Bg5 85. Qh1+ Bh4+ 0-1

[Event "Samara Polugaevsky Memorial 2nd"]
[Site "Samara"]
[Date "2012.07.09"]
[Round "5"]
[White "Sorochan, Dmitry Vladimirovic"]
[Black "Rozhko, Dmitry"]
[Result "1/2-1/2"]
[WhiteElo "2068"]
[BlackElo "2406"]
[PlyCount "120"]
[EventDate "2012.07.05"]
[EventType "swiss"]
[EventRounds "9"]
[EventCountry "RUS"]
[SourceTitle "CBM 149 Extra"]
[Source "ChessBase"]
[SourceDate "2012.08.24"]
[SourceVersion "1"]
[SourceVersionDate "2012.08.24"]
[SourceQuality "1"]

1. e4 e6 2. d4 d5 3. Nc3 Bb4 4. e5 c5 5. Qg4 Ne7 6. dxc5 Nbc6 7. a3 Bxc3+ 8. bxc3 Qa5 9. Bd2 0-0 10. Nf3 Ng6 11. Bd3 Ncxe5 12. Nxe5 Nxe5 13. Bxh7+ Kxh7 14. Qh5+ Kg8 15. Qxe5 Qxc5 16. 0-0 f6 17. Qh5 e5 18. Rab1 a5 19. Rb3 Qc7 20. c4 dxc4 21. Rg3 Be6 22. Re1 Rad8 23. Bh6 Rf7 24. h3 Kf8 25. Bc1 Ke7 26. f4 exf4 27. Rf3 g5 28. Rf2 Qb6 29. Kf1 Rd6 30. a4 Qb4 31. Rfe2 c3 32. Qg4 f5 33. Qxg5+ Kd7 34. Kg1 Qd4+ 35. Kh2 f3 36. gxf3 Rg7 37. Qf4 Qxf4+ 38. Bxf4 Rc6 39. Rd1+ Ke8 40. h4 Kf7 41. Rd4 Rh7 42. Bg5 Kg6 43. Re5 b6 44. Re1 f4 45. Red1 Rc5 46. Rg1 Kf7 47. Rxf4+ Rf5 48. Kg3 Rxf4 49. Kxf4 Bd7 50. Rb1 Bxa4 51. Rxb6 Bxc2 52. Rc6 a4 53. Rxc3 Bb3 54. Rc7+ Kg6 55. Rc6+ Kh5 56. Ra6 Bc2 57. Kg3 Rh8 58. f4 Rh7 59. Rc6 Bb3 60. Ra6 Bc2 1/2-1/2

[Event "Samara Polugaevsky Memorial 2nd"]
[Site "Samara"]
[Date "2012.07.08"]
[Round "4"]
[White "Orekhov, Vladislav"]
[Black "Sorochan, Dmitry Vladimirovic"]
[Result "0-1"]
[WhiteElo "1792"]
[BlackElo "2068"]
[PlyCount "105"]
[EventDate "2012.07.05"]
[EventType "swiss"]
[EventRounds "9"]
[EventCountry "RUS"]
[SourceTitle "CBM 149 Extra"]
[Source "ChessBase"]
[SourceDate "2012.08.24"]
[SourceVersion "1"]
[SourceVersionDate "2012.08.24"]
[SourceQuality "1"]

1. g3 d5 2. Bg2 c5 3. Nf3 Nc6 4. d4 e6 5. 0-0 Nf6 6. b3 Be7 7. Bb2 0-0 8. Nbd2 b6 9. c4 Bb7 10. e3 Rc8 11. Re1 h6 12. a3 Rc7 13. Rc1 Qa8 14. Qe2 cxd4 15. exd4 dxc4 16. Rxc4 Ba6 17. Rxc6 Bxe2 18. Rxc7 Bd6 19. Ne5 Qd8 20. Rc2 Ba6 21. Ndc4 Bxc4 22. Nxc4 Nd5 23. Rec1 b5 24. Ne5 Bxe5 25. dxe5 Qd7 26. b4 Nb6 27. Bc6 Qd3 28. Rc3 Qf5 29. Bxb5 Qxe5 30. a4 a6 31. R3c2 Qe4 32. Bxa6 Nxa4 33. b5 Nb6 34. Rc6 Nd5 35. Ba3 Ne3 36. fxe3 Qxe3+ 37. Kh1 Qxa3 38. Bc8 Qf3+ 39. Kg1 Rd8 40. Bb7 Qe3+ 41. Kh1 Qe4+ 42. Kg1 Qd4+ 43. Kf1 Qd3+ 44. Kg1 Qxb5 45. Ba6 Qb2 46. Rc8 Kh7 47. Rxd8 Qxc1+ 48. Bf1 Qc5+ 49. Kg2 Qc6+ 50. Kh3 Qf3 51. Bd3+ f5 52. Rd6 e5 53. Bc4 0-1

[Event "Samara Polugaevsky Memorial 2nd"]
[Site "Samara"]
[Date "2012.07.05"]
[Round "1"]
[White "Sorochan, Dmitry Vladimirovic"]
[Black "Tukhaev, Adam"]
[Result "0-1"]
[WhiteElo "2068"]
[BlackElo "2546"]
[PlyCount "62"]
[EventDate "2012.07.05"]
[EventType "swiss"]
[EventRounds "9"]
[EventCountry "RUS"]
[SourceTitle "CBM 149 Extra"]
[Source "ChessBase"]
[SourceDate "2012.08.24"]
[SourceVersion "1"]
[SourceVersionDate "2012.08.24"]
[SourceQuality "1"]

1. d4 Nf6 2. c4 g6 3. Nc3 d5 4. cxd5 Nxd5 5. e4 Nxc3 6. bxc3 Bg7 7. Bc4 c5 8. Ne2 Nc6 9. Be3 0-0 10. 0-0 Bd7 11. Rb1 Qc7 12. Bf4 Qc8 13. Qd2 cxd4 14. cxd4 Nxd4 15. Nxd4 Qxc4 16. Rxb7 Rfd8 17. Rb4 Qa6 18. e5 Rac8 19. Qe3 Qxa2 20. Rb7 a5 21. Nb3 a4 22. Nc5 Bc6 23. Rxe7 Qd5 24. f3 Bf8 25. Bg5 Qd4 26. Qxd4 Rxd4 27. Ra1 Rd5 28. Ne4 Bxe7 29. Bxe7 Rxe5 30. Bf6 Re6 31. Rc1 Ra8 0-1

[Event "Samara Polugaevsky Memorial 1st"]
[Site "Samara"]
[Date "2011.07.09"]
[Round "5"]
[White "Sorochan, Dmitry Vladimirovic"]
[Black "Faizrakhmanov, Ramil"]
[Result "0-1"]
[WhiteElo "2110"]
[BlackElo "2141"]
[PlyCount "68"]
[EventDate "2011.07.05"]
[EventType "swiss"]
[EventRounds "9"]
[EventCountry "RUS"]
[SourceTitle "CBM 143 Extra"]
[Source "ChessBase"]
[SourceDate "2011.08.29"]
[SourceVersion "1"]
[SourceVersionDate "2011.08.29"]
[SourceQuality "1"]

1. e4 c6 2. d4 d5 3. Nc3 dxe4 4. Nxe4 Bf5 5. Ng3 Bg6 6. Bc4 e6 7. h4 h6 8. N1e2 Bd6 9. Nf4 Bxf4 10. Bxf4 Nf6 11. Qe2 Nd5 12. Be5 0-0 13. h5 Bh7 14. 0-0 Qh4 15. Bd3 Bxd3 16. Qxd3 Nd7 17. Rfe1 N5f6 18. Qf3 Ng4 19. Qf4 g5 20. Qf3 Ndxe5 21. dxe5 f6 22. Re4 f5 23. Rb4 Rae8 24. Rxb7 Qh2+ 25. Kf1 f4 26. Qe4 Ne3+ 27. Ke2 Nf5 28. Rh1 f3+ 29. Kd3 Rd8+ 30. Kc3 fxg2 31. Rxh2 g1Q 32. Qh1 Nxg3 33. fxg3 Qc5+ 34. Kb3 Rb8 0-1

[Event "Samara Polugaevsky Memorial 1st"]
[Site "Samara"]
[Date "2011.07.08"]
[Round "4"]
[White "Gladkov, Dmitry"]
[Black "Sorochan, Dmitry Vladimirovic"]
[Result "1/2-1/2"]
[WhiteElo "1967"]
[BlackElo "2110"]
[PlyCount "115"]
[EventDate "2011.07.05"]
[EventType "swiss"]
[EventRounds "9"]
[EventCountry "RUS"]
[SourceTitle "CBM 143 Extra"]
[Source "ChessBase"]
[SourceDate "2011.08.29"]
[SourceVersion "1"]
[SourceVersionDate "2011.08.29"]
[SourceQuality "1"]

1. d4 Nf6 2. Nc3 e6 3. Bg5 c5 4. Nf3 Qb6 5. e4 cxd4 6. Qxd4 Bc5 7. Qd2 Ng4 8. 0-0-0 Bxf2 9. Nb5 Bc5 10. b4 Bf8 11. Qf4 Bxb4 12. Qxg4 a6 13. e5 Qa5 14. Nd6+ Kf8 15. Qc4 Nc6 16. Bd2 Qa3+ 17. Kb1 Bxd6 18. exd6 Qxd6 19. Be2 b5 20. Qb3 Qe7 21. Bc1 b4 22. Nd4 Bb7 23. Nxc6 Bxc6 24. Bf3 d5 25. Rhe1 Qb7 26. Be3 a5 27. Ka1 a4 28. Bc5+ Kg8 29. Qxb4 Qc7 30. Bd6 Qd7 31. c4 dxc4 32. Be7 Bd5 33. Bxd5 exd5 34. Qd6 Qxd6 35. Bxd6 Rd8 36. Rxd5 h5 37. Kb2 Rh6 38. Red1 Rc8 39. Kc3 Re6 40. R1d4 Re3+ 41. Kc2 c3 42. Bf4 Re2+ 43. Kc1 Rxa2 44. Rd8+ Rxd8 45. Rxd8+ Kh7 46. Rc8 Rxg2 47. Rxc3 g5 48. Bc7 f5 49. Ra3 h4 50. Rxa4 f4 51. Bxf4 gxf4 52. Rxf4 Rxh2 53. Kd1 Kh6 54. Ke1 Kg5 55. Ra4 h3 56. Kf1 Rg2 57. Rb4 Rg3 58. Rb5+ 1/2-1/2

[Event "Zhigulevskie prostory op"]
[Site "Samara"]
[Date "2008.08.01"]
[Round "8"]
[White "Kuzmicheva, Vera"]
[Black "Sorochan, Dmitry Vladimirovic"]
[Result "1/2-1/2"]
[WhiteElo "1941"]
[BlackElo "2098"]
[PlyCount "32"]
[EventDate "2008.07.25"]
[EventType "swiss"]
[EventRounds "9"]
[EventCountry "RUS"]
[SourceTitle "EXT 2022"]
[Source "ChessBase"]
[SourceDate "2021.10.06"]
[SourceVersion "1"]
[SourceVersionDate "2021.10.06"]
[SourceQuality "1"]

1. e4 Nf6 2. e5 Nd5 3. d4 d6 4. c4 Nb6 5. f4 dxe5 6. fxe5 Nc6 7. Nf3 Bf5 8. a3 e6 9. Be2 Be7 10. 0-0 0-0 11. b4 f6 12. Bb2 Bg4 13. d5 Bxf3 14. Rxf3 Nxe5 15. Bxe5 fxe5 16. Rxf8+ Bxf8 1/2-1/2

[Event "Zhigulevskie prostory op"]
[Site "Samara"]
[Date "2008.07.25"]
[Round "1"]
[White "Sorochan, Dmitry Vladimirovic"]
[Black "Koltunovsky, Evgeny"]
[Result "1-0"]
[WhiteElo "2098"]
[BlackElo "1767"]
[PlyCount "32"]
[EventDate "2008.07.25"]
[EventType "swiss"]
[EventRounds "9"]
[EventCountry "RUS"]
[SourceTitle "EXT 2022"]
[Source "ChessBase"]
[SourceDate "2021.10.06"]
[SourceVersion "1"]
[SourceVersionDate "2021.10.06"]
[SourceQuality "1"]

1. d4 Nf6 2. c4 g6 3. Nc3 Bg7 4. e4 d6 5. Nf3 0-0 6. Be2 e5 7. dxe5 dxe5 8. Qxd8 Rxd8 9. Bg5 Re8 10. 0-0 c6 11. Rfd1 Na6 12. Nxe5 Rxe5 13. Rd8+ Ne8 14. f4 Be6 15. Bg4 Nac7 16. c5 Bf8 1-0